Deutsche Bundesländer - Abkürzungen - Statistiken

Allgemein
  • Dieses Quiz wurde 496 mal gespielt
  • Das Durchschnittsergebnis liegt bei 11 aus 16
Antwortstatistiken
Bundesland Abkürzung % Korrekt
Baden-Württemberg BW
96%
Bayern BY
89%
Berlin BE
88%
Hamburg HH
87%
Hessen HE
84%
Mecklenburg-Vorpommern MV
84%
Brandenburg BB
82%
Rheinland-Pfalz RP
73%
Nordrhein-Westfalen NW
69%
Saarland SL
67%
Niedersachsen NI
66%
Bremen HB
65%
Schleswig-Holstein SH
49%
Sachsen SN
48%
Thüringen TH
48%
Sachsen-Anhalt ST
32%
Keine übereinstimmenden Quizze gefunden
Verteilung der Resultate
Anzahl Personen mit jedem Resultat
Perzentil nach korrekt beantworteten Fragen
Ihre Resultats-Entwicklung
Sie haben dieses Quiz noch nicht gespielt